| 000 | 00600nam a2200205Ia 4500 | ||
|---|---|---|---|
| 003 | GCL | ||
| 008 | 140319s9999 xx 000 0 ara d | ||
| 040 |
_aGCL / _cGCL |
||
| 082 | 0 | 4 |
_a646.2 _bا م |
| 100 | 1 | _aسنجر | |
| 245 | 1 | 0 |
_aموسوعة الخياطة الخياطة للاطفال / _cسنجر |
| 260 |
_a[S.N] : _bأكاديمية انترناشيونال ، _c1994 |
||
| 300 | _a128 ص | ||
| 490 |
_aموسوعة الخياطة _v0 |
||
| 650 | 0 | 4 | _aالاطفال |
| 650 | 0 | 4 | _aالملابس |
| 650 | 0 | 4 | _aالحياكة |
| 650 | 0 | 4 | _aتفصيل الملابس |
| 942 |
_2ddc _cBK |
||
| 999 |
_c36263 _d36263 |
||